000 00598nam a2200169 a 4500
008 120416s1957 ||||||||||||||||| || u
050 _aHD 6961 Sch
100 _aSchneider, Eugene V
245 1 0 _aIndustrial sociology
246 _athe social relations of industry and the community
260 _aNew York
_bMcGraw-Hill
_c1957
300 _aix, 559p. : ill.
350 _a0.00
650 _aINDUSTRY
650 _aINDUSTRIAL SOCIOLOGY
995 _D0.00
_FCBU-MAIN LIBRARY (Kitwe)
_H1
_I0.00
_M1
_UAVAILABLE
_ZMain Library Open Access Collection
999 _c46771
_d46771